Manželia Náš rozhovor pre vás so Slavomírom a Annou Benkovcami, sólistami spevohry DJZ v Prešove

Bibliographic Details
Main Authors: Benko, Slavomír, 1950-2016 (Author), Benková, Anna, 1953- (Author), Rusnák, Igor, 1936-2021 (Author)
Format: Article
Language:Slovak
Subjects:

MARC

LEADER 00000nab a2200000 a 4500
001 vtls000097559
003 SK-MaSNL
005 20260304063535.0
008 250422c1981 xo 0 slo
015 |a SNBRB19rr/mm-uuuuu 
035 |a CL0107662 
035 |a urn:nbn:sk:snk-ab1btx 
035 |a (urnnbn)urn:nbn:sk:snk:ar-001sfx 
035 |a (uuid)0c7e8bfd-fbeb-4079-b97e-a7c76252b21c 
040 |a SNKBUCL  |b slo  |c SNKBUCL  |e AACR2 
041 0 |a slo 
044 |a xo  |c SK 
080 |a 792.071  |2 1981 
080 |a 78.071  |2 1981 
100 1 |a Benko, Slavomír,  |d 1950-2016  |4 aut  |9 54121 
245 1 0 |a Manželia  |b Náš rozhovor pre vás so Slavomírom a Annou Benkovcami, sólistami spevohry DJZ v Prešove  |c Slavomír Benko, Anna Benková, Igor Rusnák 
300 |b Obr. 8. 
600 1 7 |a Benko, Slavomír,  |d 1950-2016  |2 snkbucl  |9 54121 
600 1 7 |a Benková, Anna,  |d 1953-  |2 snkbucl  |9 54130 
655 7 |a články z novín a časopisov  |2 snkbucl  |9 267496 
700 1 |a Benková, Anna,  |d 1953-  |4 aut  |9 54130 
700 1 |a Rusnák, Igor,  |d 1936-2021  |4 aut  |9 202918 
773 0 |t Film a divadlo  |g Roč. 25, č. 15 (1981), s. 18-19 
850 |a Slovenská národná knižnica 
852 |a Slovenská národná knižnica 
954 |a odborná, vedecká literatúra pôvodná (slovenská)  |2 lita 
958 |a article27 
958 |a OND 
958 |a RK 
958 |a EUIPO 
992 |a RBX 
999 |c 2743021  |d 2744951